00299nam a2200121Ia 4500003000400000005001700004008004100021020001800062040002000080100001700100245002400117260003600141OSt20240305123350.0170523s9999 xx 000 0 und d a9788196325992 cIIMT UNIVERSITY aKapoor- J.K. 0aAnuprayukt Yantriki aBharat Bharati Prakashan Meerut